000 00848nam a2200253Ia 4500
003 OSt
005 20221006142943.0
006 a|||||r|||| 00| 0
007 ta
008 221006b |||||||| |||| 00| 0 eng d
024 _a7,625
037 _bGift, Japan Foundation
_cTextual
040 _aEASL
_cEASL
_beng
041 _2eng
_aeng
082 _aY.42, M2
100 _aMOUER Ross E
_9648793
245 0 _aJapanese society
_b Industrialization, internationalization and social change; Modernization of Japanese society, 1869-1945
260 _aTokyo
_bJapan Foundation Japan
_c1982
300 _a41p.
_ccm.
490 _v JEL
_aOrientation Seminars on Japan, No. 10
700 _a NOZOMU Kawamura
_9648794
942 _hY.42, M2
_cTEXL
_2CC
999 _c1075711
_d1075711